| 000 | 00678nam a2200253Ia 4500 | ||
|---|---|---|---|
| 003 | OSt | ||
| 005 | 20220926013037.0 | ||
| 006 | a|||||r|||| 00| 0 | ||
| 007 | ta | ||
| 008 | 220923b |||||||| |||| 00| 0 eng d | ||
| 020 | _a006043015X | ||
| 037 | _cGeneral Book | ||
| 040 |
_aRTL _cRTL _beng |
||
| 041 |
_2eng _aeng |
||
| 082 | _aX:3Lv1.N6, L2;L8 | ||
| 100 | _aHunt E K | ||
| 245 | 0 |
_aProperty and prohets _b The evolution of economic in |
|
| 250 | _a2 | ||
| 260 |
_aNew York _bHarper and Row _c1978 |
||
| 300 |
_axiv, 167p _ccm. |
||
| 650 |
_aWages _9229845 |
||
| 942 |
_hX:3Lv1.N6, L2;L8 _cGB _2CC |
||
| 999 |
_c625052 _d625052 |
||